Agricultural policy and sustainability (Бичлэгийн дугаар. 146837)
| 000 -УДИРДЛАГА | |
|---|---|
| Удирдлага | 00679nam a22002057a 4500 |
| 003 - ХЯНАЛТЫН ТОО ТОДОРХОЙЛОГЧ | |
| Код | MN-UlNUM |
| 005 - БИЧИЛТ ХИЙСЭН ОГНОО | |
| Тухайн бичилтийг бичсэн засварласан сүүлийн огноо | 20260401180645.0 |
| 008 - ЕРӨНХИЙ МЭДЭЭЛЭЛ | |
| Ерөнхий мэдээлэл | 260401s1993 dcua b 000 0 eng d |
| 020 ## - ISBN | |
| ISBN | 0915825945 |
| 040 ## - БИЧЛЭГ ҮҮСГЭГЧ БАЙГУУЛЛАГА | |
| Бичлэг үүсгэгч номын сангийн код | МУИС-ийн номын сан |
| 084 ## - ББК АНГИЛАЛ | |
| Нэмэлт тусгалт | Нэг сэдэвт бүтээл |
| ББК ангилал | 65.325.1 |
| Зохиогчийн гурван тэмдэгт | А 26 |
| Мэдлэгийн ялгаа | 65 - Эдийн засаг |
| 245 ## - ҮНДСЭН ГАРЧИГ | |
| Номын нэр | Agricultural policy and sustainability |
| Бага гарчгийн мэдээ | case studies from India, Chile, the Philippines, and the United States |
| Оролцогчдын тухай мэдээ | edited by Paul Faeth. |
| 260 ## - ГАРАЛТЫН МЭДЭЭ | |
| Хэвлэгдсэн газар | Washington, D.C. |
| Хэвлэлийн газар | World Resources Institute |
| Хэвлэгдсэн он | 1993 |
| 300 ## - МАТЕРИАЛЫН ТОДОРХОЙЛОЛТ | |
| хуудасны тоо | viii, 113 p. : |
| Бусад тоон мэдээлэл | $b ill. ; |
| Хэмжээ | 26 cm |
| 500 ## - Тайлбар | |
| Дансны дугаар | БС 4466 |
| 546 ## - ХЭЛНИЙ ТУХАЙ МЭДЭЭ | |
| Хэл | Англи хэл дээр, |
| 942 ## - ЭЛЕМЕНТИЙН ТӨРӨЛ | |
| Зүйлийн төрөл | Ном |
